| 000 | 00816nam a22002537a 4500 | ||
|---|---|---|---|
| 001 | 22945 | ||
| 003 | UA-OsUOA | ||
| 005 | 20230911143139.0 | ||
| 007 | ta | ||
| 008 | 20031229b un ||||| |||| 00| 0 ukr d | ||
| 020 | _a966-7183-01-7 | ||
| 040 |
_aUA-OsUOA _bukr _cUA-OsUOA _dUA-OsUOA |
||
| 041 | _aukr | ||
| 044 | _aUA | ||
| 080 | _a340.12 | ||
| 090 |
_a340.12 _bІ90 |
||
| 245 |
_aІсторія держави і права України _bу 2 ч. _cРогожина А. Й. _nч. 1 |
||
| 260 |
_aКиїв _bІн Юре _c1996 |
||
| 300 | _a367 с. | ||
| 650 | 7 |
_a340 Право в цілому. Пропедевтика. Методи та допоміжні правничі науки _2UDC |
|
| 942 |
_cBK _2udc |
||
| 955 | _a2 | ||
| 999 |
_c309177 _d309177 |
||